Konkretizácia jednotlivých foriem družstevníctva na Slovensku - súčasný stav a perspektívy
Družstevníctvo ako špecifická forma podnikania na Slovensku má hlboké korene. Na Slovensku je v súčasnosti rozšírených 5 foriem družstevných podnikov: poľnohospodárske družstvá, výrobné družstvá, spotrebné družstvá, bytové družstvá a poisťovacie družstvá. Vybrané údaje o jednotlivých formách družsti...
Saved in:
| Main Author: | |
|---|---|
| Format: | Book Chapter |
| Language: | Slovak |
| Subjects: | |
| Tags: |
No Tags, Be the first to tag this record!
|
MARC
| LEADER | 00000naa a2200000 4500 | ||
|---|---|---|---|
| 001 | r025952 | ||
| 005 | 20230918075036.4 | ||
| 041 | 0 | |a slo | |
| 044 | |a SK | ||
| 245 | 1 | 0 | |a Konkretizácia jednotlivých foriem družstevníctva na Slovensku - súčasný stav a perspektívy |c Elena Šúbertová |
| 520 | |a Družstevníctvo ako špecifická forma podnikania na Slovensku má hlboké korene. Na Slovensku je v súčasnosti rozšírených 5 foriem družstevných podnikov: poľnohospodárske družstvá, výrobné družstvá, spotrebné družstvá, bytové družstvá a poisťovacie družstvá. Vybrané údaje o jednotlivých formách družstiev na Slovensku. | ||
| 610 | 2 | 0 | |a družstevníctvo |
| 610 | 2 | 0 | |a družstvá |
| 610 | 2 | 0 | |a Slovensko |
| 610 | 2 | 0 | |a družstvá poľnohospodárske |
| 610 | 2 | 0 | |a družstvá výrobné |
| 610 | 2 | 0 | |a družstvá spotrebné |
| 610 | 2 | 0 | |a družstvá bytové |
| 610 | 2 | 0 | |a družstvá živnostenské |
| 610 | 2 | 0 | |a družstvá úverové |
| 100 | 1 | |a Šúbertová, Elena | |